Valetudo: origine ed aspetti del culto nel mondo romano

Збережено в:
Бібліографічні деталі
Автор: Prosperi Valenti, Giuseppina (Автор)
Формат: Книга
Мова:Італійська мова
Опубліковано: Roma Istituo Italiano per la Storia Antica 1998
Редагування:1a. ed
Серія:Studi, 67
Предмети:
Теги: Додати тег
Немає тегів, Будьте першим, хто поставить тег для цього запису!

MARC

LEADER 00000cam a2200000 a 4500
001 UCD9073
003 CL-VaPUC
008 170602e19980000it |||||||||||||||||ita|d
082 0 4 |a 937  |b PRO  |2 21 
100 0 |a Prosperi Valenti, Giuseppina  |e author  |9 592747 
245 1 0 |a Valetudo: origine ed aspetti del culto nel mondo romano 
250 |a 1a. ed 
300 |a 215 p 
942 |c BK 
945 |d 20170602 23:29:00  |a dcastane 
260 |a Roma  |b Istituo Italiano per la Storia Antica  |c 1998 
650 0 |a Historia de Roma   |9 315349 
650 0 |a Imperio Romano  |9 322785 
583 |a last modification  |c 20170602 23:29:00  |k Rodrigo Vera 
490 0 |a Studi, 67 
999 |c 368366  |d 368364 
952 |0 0  |1 0  |3 erb  |4 0  |6 937_000000000000000_PRO_1998  |7 0  |8 A  |9 483661  |a FDOLAF  |b FDOLAF  |e Laffi, Umberto, 1939-  |i 5394724  |o 937 PRO 1998  |p 5394724  |r 2024-01-30  |w 2019-11-24  |y BK  |z Catalogado en:20170602  |k LAF